000 00263nam a2200097Ia 4500
001 1204761
005 20250827022734.0
008 250824s9999 xx 000 0 und d
245 0 _aKAPTAN DÜŞÜKDONUN MACERALARI
_cDAV PILKEY
260 _bALTIN KİTAPLAR YAYINLARI
999 _c1204761
_d1204761